[Event "Maarssen OKU op-B"]
[Site "Maarssen"]
[Date "2013.05.31"]
[Round "1"]
[White "Van den Belt, Peter"]
[Black "Kaastra, Gosse"]
[Result "1-0"]
[WhiteElo "1754"]
[BlackElo "1537"]
[PlyCount "43"]
[EventDate "2013.05.31"]
[EventType "swiss"]
[EventRounds "6"]
[EventCountry "NED"]
[SourceTitle "EXT 2015"]
[Source "ChessBase"]
[SourceDate "2014.11.20"]
[SourceVersion "1"]
[SourceVersionDate "2014.11.20"]
[SourceQuality "1"]

1. e4 e5 2. Nf3 Nc6 3. Bb5 f5 4. Bxc6 bxc6 5. d4 Nf6 6. 0-0 Nxe4 7. Nxe5 Qh4 8. Nf3 Qh5 9. Re1 d5 10. c4 Be7 11. cxd5 cxd5 12. Qa4+ Bd7 13. Qc2 Bh4 14. Nc3 0-0 15. Rf1 c6 16. Ne2 Rae8 17. Nf4 Qh6 18. Nxd5 Qd6 19. Nf4 g5 20. Nd3 f4 21. Nde5 Re6 22. Qxe4 1-0